000
00245nam a2200097Ia 4500
001
714015
005
20250826162857.0
008
250824s9999 xx 000 0 und d
245
0
_a
KRAMPONLU CESET
_c
CELİL OKER
260
_b
ALTIN KİTAPLAR YAYINLARI
999
_c
714015
_d
714015